[Event "Titled Tue 17th Jun Early"]
[Site "chess.com INT"]
[Date "2025.06.17"]
[Round "5"]
[White "Gilfanov, Marat I"]
[Black "Paravyan, David"]
[Result "0-1"]
[WhiteTitle "FM"]
[BlackTitle "GM"]
[WhiteElo "2343"]
[BlackElo "2589"]
[WhiteFideId "34372164"]
[BlackFideId "4194985"]
[EventDate "2025.06.17"]

1. e4 e5 2. Nf3 Nf6 3. Nxe5 d6 4. Nf3 Nxe4 5. Bd3 d5 6. O-O Bd6 7. c3 O-O 8. Bc2
Re8 9. Re1 Bg4 10. d3 Nf6 11. Rxe8+ Qxe8 12. Be3 c5 13. Nbd2 Nc6 14. h3 Bh5 15.
Qf1 Ne5 16. Nxe5 Qxe5 17. g3 Qe6 18. Re1 Qd7 19. d4 c4 20. f4 Bg6 21. f5 Bxg3
22. fxg6 Bxe1 23. Bf5 Bxd2 24. gxh7+ Kh8 25. Bxd7 Bxe3+ 26. Kg2 Nxd7 27. Qxf7
Nf6 28. Qxb7 Re8 29. Qxa7 Bc1 30. b3 Bb2 31. bxc4 dxc4 32. Qa6 Bxc3 33. Qxc4 Ba5
34. Kf3 Rd8 35. a4 Bb6 36. Qb5 Bxd4 37. a5 Kxh7 38. a6 Kh8 39. Qb7 Re8 40. a7
Bxa7 41. Qxa7 Re4 42. Qa8+ Kh7 43. Qa1 Kh8 44. Qb1 Kh7 45. Kg3 Kh8 46. Qc2 Kg8
47. Qd3 Kh8 48. Kf3 Kg8 49. Qd8+ Kh7 50. Qd1 Kh8 51. Qg1 Kg8 52. Qg6 Kh8 53. Kg3
Re5 54. h4 Rd5 55. Kf3 Kg8 56. Kf4 Rd4+ 57. Ke5 Rxh4 58. Kf5 Rh5+ 59. Ke6 Rd5
60. Ke7 Rd7+ 61. Ke6 Ra7 62. Qd3 Rd7 63. Kf5 Rxd3 64. Kg6 Rg3+ 65. Kf5 Kf7 66.
Kf4 Ra3 0-1

[Event "Titled Tue 17th Jun Early"]
[Site "chess.com INT"]
[Date "2025.06.17"]
[Round "5"]
[White "Estrada Nieto, Julian"]
[Black "Salinas Herrera, Pablo"]
[Result "0-1"]
[WhiteTitle "IM"]
[BlackTitle "GM"]
[WhiteElo "2181"]
[BlackElo "2447"]
[WhiteFideId "5101018"]
[BlackFideId "3407128"]
[EventDate "2025.06.17"]

1. e4 c5 2. Nf3 e6 3. c3 d5 4. exd5 Qxd5 5. d4 Nf6 6. Na3 Be7 7. Be3 cxd4 8. Nb5
Qd8 9. Nbxd4 O-O 10. Bd3 b6 11. O-O Bb7 12. Qe2 Nbd7 13. Bf4 Nc5 14. Bc4 Nd5 15.
Bg3 a6 16. a4 Bf6 17. Rfd1 Qc8 18. Ne5 Rd8 19. Ng4 Be7 20. Ne3 Nxe3 21. Qxe3 Ne4
22. Bd3 Nxg3 23. hxg3 Qc7 24. Be4 Bf6 25. Bxb7 Qxb7 26. Qf3 Qxf3 27. Nxf3 Kf8
28. Kf1 Ke7 29. Ke2 h5 30. Nd2 Be5 31. Nc4 Bc7 32. Rxd8 Rxd8 33. b4 e5 34. Ne3
Ke6 35. c4 Rd4 36. Rc1 Bd6 37. Nd5 b5 38. axb5 axb5 39. Ne3 bxc4 40. b5 c3 41.
Rxc3 Rb4 42. Rc6 Rxb5 43. Nc4 Rd5 44. Ra6 Rd4 45. Nb6 Kf5 46. Nc8 Bc5 47. Rc6
Rd5 48. Rc7 Kg6 49. Ne7+ Bxe7 50. Rxe7 Kf6 51. Re8 g6 52. Ke3 Kf5 53. Re7 f6 54.
Rc7 Ra5 55. Rc3 Ra4 56. Rd3 Ra2 57. Rc3 g5 58. Rb3 Ra1 59. Ke2 Rg1 60. Kf3 g4+
61. Ke3 Rxg2 62. Rb8 Rh2 63. Rh8 Rh1 64. Rh6 Kg5 65. Rh8 h4 66. gxh4+ Rxh4 67.
Rg8+ Kf5 68. Rf8 Rh3+ 69. Ke2 Rh6 70. Rg8 Kf4 71. Rf8 f5 72. Rg8 e4 73. Rd8 Rb6
74. Rd2 Rb3 75. Ra2 Rh3 76. Rb2 Rh2 77. Kf1 Rh1+ 78. Kg2 Rc1 79. Rd2 Rc3 80. Rb2
g3 0-1

[Event "Titled Tue 17th Jun Early"]
[Site "chess.com INT"]
[Date "2025.06.17"]
[Round "5"]
[White "Tarnowska, Aleksandra"]
[Black "Luong Phuong Hanh"]
[Result "0-1"]
[WhiteTitle "WCM"]
[BlackTitle "WIM"]
[WhiteElo "1882"]
[BlackElo "2121"]
[WhiteFideId "1180967"]
[BlackFideId "12401013"]
[EventDate "2025.06.17"]

1. e4 c5 2. Nf3 e6 3. g3 d5 4. d3 dxe4 5. dxe4 Qxd1+ 6. Kxd1 Nc6 7. c3 Nf6 8.
Bd3 e5 9. Bg5 Bg4 10. Ke2 O-O-O 11. Bc2 Be7 12. Bxf6 gxf6 13. Nd2 Rxd2+ 14. Kxd2
Bxf3 15. Rhe1 f5 16. Ke3 fxe4 17. Bxe4 Bxe4 18. Kxe4 h5 19. h4 Rg8 20. Rad1 Kc7
21. Kf3 c4 22. b3 cxb3 23. axb3 f5 24. b4 e4+ 25. Kg2 Bxh4 26. Rd5 Ne7 27. Rc5+
Kb8 28. Rd1 e3 29. Rd7 e2 30. Re5 Ng6 31. Rxe2 Nf4+ 32. Kf3 Nxe2 33. gxh4 Nxc3
34. Rf7 Nb5 35. Kf4 Nd4 36. Ke5 Nc6+ 37. Kd6 Nxb4 38. Rxf5 Rd8+ 39. Kc5 Nc6 40.
Rxh5 Rf8 41. Rh7 Rxf2 42. Rh8+ Kc7 43. Rh7+ Kc8 44. Rh8+ Nd8 45. h5 Rf5+ 46. Kd6
Rf6+ 47. Ke7 Re6+ 48. Kf8 Rf6+ 49. Ke7 Rf7+ 50. Kd6 Rd7+ 51. Kc5 Kc7 52. h6 Ne6+
53. Kb5 Ng5 54. Rg8 Nh7 55. Rg7 Rxg7 56. hxg7 Nf6 57. Kc5 Kd7 58. Kb5 a6+ 59.
Kb6 Ng8 60. Ka5 Kc6 61. Ka4 b5+ 62. Ka5 Kc5 63. Kxa6 b4 64. Kb7 b3 65. Kc8 b2
66. Kd7 b1=Q 67. Ke8 Qb3 68. Kf8 Kd6 69. Ke8 Ke6 70. Kf8 Kf6 71. Ke8 Qb7 72. Kf8
Qf7# 0-1

[Event "Titled Tue 17th Jun Early"]
[Site "chess.com INT"]
[Date "2025.06.17"]
[Round "5"]
[White "Tang, Dylan"]
[Black "Myagmarsuren, Evsuld"]
[Result "1/2-1/2"]
[WhiteTitle "FM"]
[BlackTitle "FM"]
[WhiteElo "2236"]
[BlackElo "2292"]
[WhiteFideId "30972531"]
[BlackFideId "1551639"]
[EventDate "2025.06.17"]

1. e4 c5 2. Nf3 g6 3. d4 cxd4 4. Nxd4 Nc6 5. c4 Nf6 6. Nc3 d6 7. Be2 Nxd4 8.
Qxd4 Bg7 9. Be3 O-O 10. Qd2 a5 11. O-O a4 12. f3 Qa5 13. Rac1 Be6 14. Rfd1 Rfc8
15. Nb5 Nd7 16. Nd4 Nc5 17. Nxe6 Nxe6 18. Qxa5 Rxa5 19. Rc2 Raa8 20. Rd5 Nc7 21.
Rd1 Na6 22. a3 Nc5 23. Rd5 Ra6 24. Bxc5 Rxc5 25. Rxc5 dxc5 26. Rd2 Bd4+ 27. Kf1
Rb6 28. Bd1 Bxb2 29. Bxa4 Bxa3 30. Bb5 Rd6 31. Rxd6 exd6 32. Ke2 Kf8 33. f4 Ke7
34. Kf3 Bc1 35. h3 h5 36. g4 hxg4+ 37. hxg4 Kf6 38. Bd7 Ke7 39. Bb5 Kd8 40. g5
Ke7 41. Ba4 f6 42. gxf6+ Kxf6 43. Bd7 g5 44. fxg5+ Bxg5 45. Bc8 b6 46. Bd7 Ke5
47. Bb5 Kd4 48. Ba6 Bc1 49. Bb5 Kc3 50. Ba6 Kb4 51. Bb5 Ka5 52. Bc6 Kb4 53. Bb5
Ka5 54. Bc6 Bh6 55. Bb5 Bg7 56. Bc6 Be5 57. Bb5 Kb4 58. Ba6 Kc3 59. Bb5 Bg7 60.
Ba6 Kd4 61. Bb5 Be5 62. Ba6 d5 63. exd5 Bd6 64. Bb5 Ke5 65. Kg4 Kf6 66. Kh5 Ke7
67. Kg5 Kd8 68. Kf5 Kc7 69. Ke6 Bh2 70. Ke7 Bd6+ 71. Ke8 Bh2 72. Kf7 Bd6 73. Ke6
Bh2 74. Kf5 Bd6 75. Kg4 Bh2 76. Kh3 Bd6 77. Kg2 Be5 78. Kf2 Bd6 79. Kf3 Be5 80.
Ke3 Bd6 81. Ke4 Bh2 82. Kf5 Kd6 83. Kg4 Be5 84. Kf3 Bd4 85. Ke4 Ba1 86. Kf5 Bh8
87. Ke4 Ba1 88. Kd3 Bh8 89. Kc2 Ba1 90. Kd1 Be5 91. Kd2 Ke7 92. Kc2 Kf6 93. Kb3
Ke7 94. Ka3 Kd6 95. Bc6 Kc7 96. Ka4 Bd6 97. Kb5 Be5 98. Be8 Bd6 99. Bh5 Be5 100.
Bf7 Bd6 101. Be6 Be5 102. Ka4 Bd6 103. Kb3 Be5 104. Kc2 Bd6 105. Kd3 Be5 106.
Ke4 Bd6 107. Bf7 Bh2 108. Kf3 Bd6 109. Ke3 Be5 110. Kd2 Bd6 111. Be8 Be5 112.
Bb5 Kd6 113. Ke2 1/2-1/2

[Event "Titled Tue 17th Jun Early"]
[Site "chess.com INT"]
[Date "2025.06.17"]
[Round "5"]
[White "Purtseladze, Maka"]
[Black "Howell, David W L"]
[Result "0-1"]
[WhiteTitle "IM"]
[BlackTitle "GM"]
[WhiteElo "2261"]
[BlackElo "2668"]
[WhiteFideId "13602659"]
[BlackFideId "410608"]
[EventDate "2025.06.17"]

1. d4 b6 2. e4 Bb7 3. f3 e6 4. c4 Ne7 5. Nc3 d6 6. Bd3 Nd7 7. Nge2 g6 8. h4 h6
9. Bf4 Bg7 10. Qd2 a6 11. Bc2 e5 12. Be3 c5 13. d5 f5 14. exf5 gxf5 15. g4 f4
16. Bf2 b5 17. Ne4 Nf6 18. Nxf6+ Bxf6 19. b3 b4 20. Be4 Kd7 21. Kd1 Kc7 22. Kc2
a5 23. a4 Kb6 24. Nc1 Rc8 25. Nd3 Rc7 26. Rag1 Bc8 27. g5 hxg5 28. hxg5 Bg7 29.
g6 Bd7 30. Rh7 Qf8 31. Rgh1 Rg8 32. Bh4 Nc8 33. Bg5 Bf5 34. Qe2 Bxe4 35. Qxe4
Rd7 36. Bh6 Kc7 37. Nf2 Nb6 38. Ng4 Re7 39. Bxg7 Rexg7 40. Rxg7+ Rxg7 41. Rh7
Nd7 42. Rxg7 Qxg7 43. Qf5 Nf8 44. Qf7+ Qxf7 45. gxf7 Kd7 46. Nf6+ Ke7 47. Ne4
Nd7 48. Kd3 Nf8 49. Ng5 Ng6 50. Ke4 Nh4 51. Ne6 Kxf7 52. Nd8+ Ke7 53. Nb7 Kd7
54. Nxa5 Ng6 55. Nc6 Kc7 56. Kf5 Nh4+ 57. Kg4 Ng2 58. Ne7 Ne3+ 59. Kg5 Nc2 60.
a5 Nd4 61. a6 Nxf3+ 62. Kf5 Nd2 63. Ke6 Nxb3 64. Nf5 f3 65. Nxd6 f2 66. a7 f1=Q
67. a8=Q Qh3+ 68. Kxe5 Qh2+ 69. Ke4 Qh1+ 70. Ke5 Qh2+ 71. Ke4 Qxd6 72. Qa7+ Kd8
73. Qa8+ Ke7 74. Qb7+ Kf6 75. Qc8 Qe5+ 76. Kd3 Qc3+ 77. Ke2 Nd4+ 78. Kf1 Qf3+
79. Ke1 Qe2# 0-1

[Event "Titled Tue 17th Jun Early"]
[Site "chess.com INT"]
[Date "2025.06.17"]
[Round "5"]
[White "Terry, Renato"]
[Black "Moroni, Luca Jr"]
[Result "1-0"]
[WhiteTitle "IM"]
[BlackTitle "GM"]
[WhiteElo "2508"]
[BlackElo "2549"]
[WhiteFideId "3803457"]
[BlackFideId "865834"]
[EventDate "2025.06.17"]

1. d4 d5 2. Nf3 Nf6 3. c4 e6 4. Nc3 c6 5. Bg5 Nbd7 6. e3 Qa5 7. Bxf6 Nxf6 8. Nd2
dxc4 9. Nxc4 Qc7 10. Rc1 Be7 11. Bd3 O-O 12. O-O Rd8 13. Qf3 Bd7 14. Ne4 Be8 15.
a3 Nxe4 16. Bxe4 a5 17. Rc3 g6 18. Rfc1 Kg7 19. g3 f5 20. Bb1 Bf6 21. h4 e5 22.
dxe5 Bxe5 23. Nxe5 Qxe5 24. Rd1 Bf7 25. Qe2 Rxd1+ 26. Qxd1 Qf6 27. e4 Rd8 28.
Qe2 Qe6 29. Re3 fxe4 30. Bxe4 Qf6 31. Bg2 Rd7 32. Bh3 Rd4 33. Re7 Rd1+ 34. Kh2
Rd6 35. Rxb7 h5 36. Qe3 a4 37. Ra7 Qxb2 38. Rxa4 Rf6 39. Rf4 Rxf4 40. gxf4 Qc2
41. Kg3 c5 42. Qe5+ Kg8 43. f5 Qd3+ 44. f3 gxf5 45. Bxf5 Qd2 46. Qxc5 Qe1+ 47.
Kg2 Qe2+ 48. Qf2 Qe5 49. Be4 Kf8 50. Qd2 Qf6 51. Qb4+ Kg8 52. Qe1 Kf8 53. Qf2
Qe5 54. Kh1 Qf4 55. Kg2 Be6 56. a4 Qe5 57. Qe3 Qf6 58. Qc5+ Kf7 59. Qg5 Qb2+ 60.
Kg3 Qc3 61. Qxh5+ Ke7 62. Qg5+ Kd6 63. Qd8+ Bd7 64. Qb6+ Ke7 65. Qf2 Qg7+ 66.
Kh2 Qe5+ 67. Qg3 Qb2+ 68. Qg2 Qe5+ 69. Kg1 Qa1+ 70. Qf1 Qd4+ 71. Qf2 Qa1+ 72.
Kh2 Qe5+ 73. Kg1 Qa1+ 74. Kg2 Qg7+ 75. Qg3 Qb2+ 76. Kh1 Qa1+ 77. Qg1 Qd4 78.
Qxd4 1-0

[Event "Titled Tue 17th Jun Early"]
[Site "chess.com INT"]
[Date "2025.06.17"]
[Round "5"]
[White "Tekeyev, Zaur"]
[Black "Krzywda, Andrzej"]
[Result "1-0"]
[WhiteTitle "IM"]
[BlackTitle "CM"]
[WhiteElo "2407"]
[BlackElo "2175"]
[WhiteFideId "4199731"]
[BlackFideId "1114565"]
[EventDate "2025.06.17"]

1. d4 Nf6 2. Nf3 d5 3. c4 e6 4. Nc3 dxc4 5. e3 c5 6. Bxc4 Nc6 7. O-O Be7 8. dxc5
Qxd1 9. Rxd1 Bxc5 10. a3 O-O 11. b4 Be7 12. Bb2 Bd7 13. Ne4 Rfd8 14. Nd6 Rab8
15. Ng5 Be8 16. Nxe8 Nxe8 17. Ne4 Rxd1+ 18. Rxd1 Rd8 19. Rxd8 Nxd8 20. g4 Nf6
21. Nxf6+ Bxf6 22. Bc1 Nc6 23. Kg2 a5 24. b5 Ne5 25. Be2 g5 26. f4 Nd7 27. Kg3
Kf8 28. Kf3 Ke7 29. Bd3 h6 30. a4 Kd8 31. Bc2 Nb6 32. Bd2 Nc4 33. Be1 b6 34. e4
gxf4 35. Kxf4 Be5+ 36. Kf3 Bxh2 37. Kg2 Bd6 38. Bh4+ Be7 39. Be1 Kd7 40. Kf3 Bg5
41. Bd3 Ne5+ 42. Ke2 Nxd3 43. Kxd3 Kd6 44. Bf2 Bd8 45. Kd4 Kd7 46. Be3 Bg5 47.
Bf2 Be7 48. Kc4 Bd8 49. Be3 Kd6 50. Bf4+ Kd7 51. Bxh6 Bc7 52. Be3 Ke7 53. Kd4
Kf6 54. Bd2 Kg6 55. Be3 Kf6 56. Bc1 Bd6 57. Kd3 Bc5 58. Bf4 Ke7 59. Be5 f6 60.
Bf4 Kf7 61. Kc4 Kg6 62. Bd2 Bf2 63. Bc3 f5 64. gxf5+ exf5 65. exf5+ Kxf5 66. Kd5
Kf4 67. Bf6 Kf3 68. Kc6 Ke2 69. Bd8 Kd3 70. Bxb6 1-0

[Event "Titled Tue 17th Jun Early"]
[Site "chess.com INT"]
[Date "2025.06.17"]
[Round "5"]
[White "Moksh, Amit Doshi"]
[Black "Sorokin, Aleksey"]
[Result "1/2-1/2"]
[WhiteTitle "IM"]
[BlackTitle "GM"]
[WhiteElo "2366"]
[BlackElo "2530"]
[WhiteFideId "25064967"]
[BlackFideId "24176460"]
[EventDate "2025.06.17"]

1. c4 e5 2. Nc3 Nf6 3. Nf3 Nc6 4. g3 d5 5. cxd5 Nxd5 6. Bg2 Nb6 7. O-O Be7 8. b3
O-O 9. Bb2 Re8 10. Rc1 Bf8 11. Ne4 a5 12. a3 f5 13. Nc5 e4 14. Ne1 Nd7 15. Nxd7
Bxd7 16. d3 Be6 17. Qc2 a4 18. b4 Nd4 19. Bxd4 Qxd4 20. dxe4 Bb3 21. Qd3 Qb2 22.
Rxc7 Rad8 23. Rd7 fxe4 24. Bxe4 Rxd7 25. Bxh7+ Kh8 26. Qxd7 Qxe2 27. Qh3 Qe6 28.
Bf5+ Qh6 29. Nd3 Qxh3 30. Bxh3 Rd8 31. Ne5 Rd2 32. Rc1 Rc2 33. Rxc2 Bxc2 34. Bg2
b6 35. Nd7 Bxb4 36. axb4 Bb3 37. Be4 a3 38. Bb1 b5 39. Ne5 Kg8 40. f4 Kf8 41.
Kf2 Ke7 42. Ke3 Ke6 43. Kd4 a2 44. Bxa2 Bxa2 45. Nd3 Kf5 46. Kc5 Ke4 47. Ne5 g5
48. Kxb5 gxf4 49. gxf4 Kxf4 50. Nc4 Bb1 51. Kc5 Be4 52. b5 Kg4 53. b6 Ba8 54.
Kb5 Kh3 55. Nd6 Kxh2 56. Ka6 Kg3 57. Ka7 Bh1 58. Kb8 Kf4 59. Kc7 Ke5 60. Nb5 Ba8
61. Na7 Kd5 62. Nc8 Kc5 63. Nd6 Bg2 64. Nb7+ Kb5 65. Nd6+ Kc5 66. Nf5 Kb5 67.
Nd4+ Kc5 68. Ne6+ Kb5 69. Nf4 Bh1 70. Ne6 Bg2 71. Nd4+ Kc5 72. Nb3+ Kb5 73. Nd2
Kc5 74. Nb1 Kb4 75. Nd2 Kc5 76. Nb3+ Kc4 77. Na5+ Kc5 78. Nb7+ Kb5 79. Nd8 Kc5
80. Ne6+ Kb5 1/2-1/2

[Event "Titled Tue 17th Jun Early"]
[Site "chess.com INT"]
[Date "2025.06.17"]
[Round "5"]
[White "Flynn, Jacob"]
[Black "Kislinsky, Alexey"]
[Result "1/2-1/2"]
[WhiteTitle "CM"]
[BlackTitle "GM"]
[WhiteElo "2274"]
[BlackElo "2341"]
[WhiteFideId "2509393"]
[BlackFideId "14108801"]
[EventDate "2025.06.17"]

1. Nf3 d5 2. g3 Nf6 3. Bg2 g6 4. O-O Bg7 5. d4 O-O 6. c4 dxc4 7. Na3 a6 8. Nxc4
Nc6 9. Bf4 Bg4 10. Nce5 Nxe5 11. Bxe5 c6 12. Qb3 Qd7 13. Rac1 Rad8 14. Rfd1 Be6
15. Qa3 Bd5 16. b3 h6 17. Qa5 Rfe8 18. b4 Nh5 19. Bxg7 Nxg7 20. a4 Nf5 21. e3
Qe6 22. Re1 Nd6 23. Ne5 Bxg2 24. Kxg2 g5 25. Qc5 f6 26. Nf3 Qe4 27. Qc2 Kg7 28.
Qxe4 Nxe4 29. b5 axb5 30. axb5 cxb5 31. Rc7 b6 32. Rb1 Nd6 33. Rc6 Rb8 34. e4
Nxe4 35. Rxb5 Nd6 36. Rbxb6 Rxb6 37. Rxb6 Kf7 38. Rc6 Rb8 39. Nd2 Rb2 40. Nc4
Nxc4 41. Rxc4 Rd2 42. Kf3 Ke6 43. Ke3 Rd1 44. Rc2 g4 45. f3 gxf3 46. Kxf3 Rxd4
47. Rc8 Kf7 48. h4 h5 49. Rh8 Rd5 50. Ra8 Kg6 51. Rg8+ Kf7 52. Rh8 e6 53. Rh7+
Kg6 54. Rh8 Rd3+ 55. Kf2 e5 56. Kg2 Rd2+ 57. Kf3 Rd3+ 58. Kf2 Ra3 59. Rg8+ Kf5
60. Rg7 Ke4 61. Rh7 f5 62. Rxh5 Ra2+ 63. Kg1 Rb2 64. Rg5 f4 65. gxf4 exf4 66.
Rg8 Kf3 67. Ra8 Kg3 68. Rg8+ Kxh4 69. Kf1 Kh5 70. Rg7 Kh6 71. Rg8 Kh5 72. Rg7
Rb5 73. Rg8 Rg5 74. Rxg5+ Kxg5 75. Kf2 Kg4 76. Kg2 f3+ 77. Kf2 Kf4 78. Kf1 Kg3
79. Kg1 Kg4 80. Kf2 Kf4 81. Kf1 Ke3 82. Ke1 Kd4 83. Kf2 Ke4 84. Kf1 Kf4 85. Kf2
Kg4 86. Kf1 Kg3 87. Kg1 Kh3 88. Kf2 Kg4 89. Kf1 Kf5 90. Kf2 Ke4 91. Kf1 Kd3 92.
Kf2 Ke4 1/2-1/2

[Event "Titled Tue 17th Jun Early"]
[Site "chess.com INT"]
[Date "2025.06.17"]
[Round "5"]
[White "Emeliantsev, Anatoliy"]
[Black "Bogdanov, Artyom"]
[Result "0-1"]
[WhiteTitle "FM"]
[BlackTitle "FM"]
[WhiteElo "2359"]
[BlackElo "2370"]
[WhiteFideId "4160681"]
[BlackFideId "13749200"]
[EventDate "2025.06.17"]

1. d4 d5 2. c4 c6 3. Nc3 Nf6 4. Nf3 g6 5. cxd5 cxd5 6. Bf4 a6 7. Rc1 Bg7 8. h3
O-O 9. e3 Nc6 10. Ne5 Bd7 11. Nxc6 Bxc6 12. Be5 Rc8 13. Bd3 Qd7 14. O-O Ne8 15.
Bxg7 Nxg7 16. b4 Qd6 17. Qb3 Nf5 18. Bxf5 gxf5 19. a4 e6 20. Ne2 Bd7 21. a5 Bb5
22. Rc2 Rc6 23. Rfc1 Rfc8 24. Rxc6 Rxc6 25. Rxc6 Qxc6 26. Nf4 Qc1+ 27. Kh2 Bc4
28. Qa4 Bb5 29. Qa2 Qe1 30. Qc2 Bc4 31. Qb2 Qd1 32. b5 Bxb5 33. Qb4 Qc1 34. Qe7
Qc8 35. Nh5 Qb8+ 36. f4 Qf8 37. Qg5+ Kh8 38. Qf6+ Kg8 39. g4 fxg4 40. hxg4 h6
41. g5 Bd3 42. gxh6 Bg6 43. Ng7 Kh7 44. Qg5 Qc8 45. Nh5 Qc2+ 46. Kg3 Qc1 47.
Nf6+ Kh8 48. f5 Qg1+ 49. Kf4 Qf2+ 50. Ke5 Qh2+ 51. Qf4 Qxf4+ 52. exf4 Bxf5 53.
Kd6 Bg6 54. Ne8 Kh7 55. Nc7 Kxh6 56. Kc5 Bd3 57. Kb6 Kg6 58. Kxb7 Kf5 59. Nxa6
Kxf4 60. Nc5 Bc4 61. a6 Bxa6+ 62. Nxa6 Ke3 63. Kc6 Kxd4 64. Kd6 e5 65. Nc5 e4
66. Nb3+ Kc4 67. Nd2+ Kd3 68. Nb3 e3 69. Kxd5 Kc3 70. Nc1 Kd2 71. Nb3+ Kc3 72.
Nd4 Kd3 73. Ke5 f6+ 74. Kd5 f5 75. Nf3 e2 76. Ke5 Ke3 77. Ne1 Kf2 78. Nd3+ Ke3
79. Ne1 Kd2 0-1

[Event "Titled Tue 17th Jun Early"]
[Site "chess.com INT"]
[Date "2025.06.17"]
[Round "5"]
[White "Moldagali, Beksultan"]
[Black "Kravtsiv, Martyn"]
[Result "0-1"]
[WhiteTitle "FM"]
[BlackTitle "GM"]
[WhiteElo "2397"]
[BlackElo "2598"]
[WhiteFideId "13734768"]
[BlackFideId "14113147"]
[EventDate "2025.06.17"]

1. e4 b6 2. d4 Bb7 3. Nc3 g6 4. f4 Bg7 5. Nf3 e6 6. Bd3 Ne7 7. Ne2 d6 8. O-O Nd7
9. Ng3 f5 10. c3 h6 11. Re1 O-O 12. Qb3 d5 13. exf5 exf5 14. Bd2 c5 15. Qd1 Nf6
16. Ne5 Ne4 17. Be3 Bxe5 18. dxe5 Qc8 19. Rc1 Rd8 20. b4 a5 21. bxc5 bxc5 22. c4
d4 23. Bd2 Nxd2 24. Qxd2 Qc7 25. e6 Rdb8 26. a3 Bc6 27. Rb1 a4 28. h4 h5 29. Nf1
Rb3 30. Bc2 Rxa3 31. Qf2 Rc3 32. Bd1 Rxc4 33. Nd2 Rc3 34. Bf3 a3 35. Bxc6 Qxc6
36. Nf3 Kg7 37. Qg3 a2 38. Ra1 Qd6 39. Qg5 Raa3 40. Re2 Re3 41. Rexa2 Rxa2 42.
Rxa2 Qxe6 43. Ra7 Qf6 44. Ne5 Qxg5 45. hxg5 Kf8 46. Ra8+ Kg7 47. Ra7 Rxe5 48.
fxe5 Kf7 49. Rc7 Ke6 50. Rxc5 f4 51. Kf2 Kf5 52. Rc4 Kxe5 53. Kf3 Nd5 54. Rc5 d3
55. Kf2 Ke4 56. Rc4+ Ke5 57. Ke1 Ne3 58. Rc6 Kf5 59. Rd6 Kxg5 60. Rxd3 Nxg2+ 61.
Kf2 Ne3 62. Ra3 Kg4 63. Ra7 g5 64. Kg1 h4 65. Rg7 f3 66. Kf2 Nd5 67. Rd7 Nf4 68.
Rd4 h3 69. Rd1 Ng2 70. Rh1 Nh4 71. Rg1+ Ng2 72. Rh1 Kh4 73. Kxf3 g4+ 74. Kf2 Nf4
75. Rg1 h2 76. Rh1 Kh3 77. Kf1 g3 78. Rg1 hxg1=Q+ 79. Kxg1 Ne2+ 80. Kf1 g2+ 81.
Kxe2 0-1

[Event "Titled Tue 17th Jun Early"]
[Site "chess.com INT"]
[Date "2025.06.17"]
[Round "5"]
[White "Gubatayev, Ahmet"]
[Black "Bardyk, Artem"]
[Result "1-0"]
[WhiteTitle "CM"]
[BlackTitle "FM"]
[WhiteElo "2191"]
[BlackElo "2260"]
[WhiteFideId "14004526"]
[BlackFideId "34349979"]
[EventDate "2025.06.17"]

1. Nf3 d5 2. d4 Nf6 3. c4 e6 4. Nc3 c5 5. cxd5 Nxd5 6. e3 cxd4 7. exd4 Nxc3 8.
bxc3 Qc7 9. Bb2 Nd7 10. Bd3 Ba3 11. Qb3 Bxb2 12. Qxb2 b6 13. O-O Bb7 14. Nd2 O-O
15. a4 Rac8 16. Rfc1 Rfd8 17. a5 e5 18. axb6 axb6 19. Nc4 exd4 20. cxd4 Qc6 21.
Bf1 Qh6 22. Ne3 Rxc1 23. Rxc1 Nf8 24. d5 Qf6 25. Qxf6 gxf6 26. Nf5 Ng6 27. d6
Kf8 28. Bb5 Be4 29. Ng3 Bd5 30. Rd1 Rxd6 31. Nf5 Rd8 32. Ne3 Nf4 33. g3 Ne6 34.
Rxd5 Ra8 35. Kg2 Ra2 36. Rd7 Nc5 37. Rc7 Ne4 38. Rxf7+ Kg8 39. Bc4 Rxf2+ 40. Kg1
b5 41. Bd5 Rd2 42. Ra7+ Kf8 43. Bxe4 b4 44. Bd5 Re2 45. Ra8+ Ke7 46. Ra7+ Kd6
47. Ra6+ Kc5 48. Rc6+ Kb5 49. Bc4+ Kxc6 50. Bxe2 Kc5 51. Bd3 Kd4 52. Bb1 Kxe3
53. Bxh7 Kf3 54. Bf5 Ke3 55. Kg2 Kd4 56. h4 Ke5 57. Bb1 f5 58. Kf3 b3 59. Ke3 b2
60. Kf3 f4 61. gxf4+ Ke6 62. Kg4 Kf6 63. h5 Kf7 64. Kg5 Kg7 65. f5 Kf7 66. f6
Kf8 67. Kg6 Kg8 68. Kg5 Kh8 69. Kf5 Kg8 70. Ke6 Kf8 71. f7 Kg7 72. Ke7 Kh6 73.
f8=Q+ Kg5 74. Qf6+ Kg4 75. Qg6+ Kh3 76. Be4 1-0

[Event "Titled Tue 17th Jun Early"]
[Site "chess.com INT"]
[Date "2025.06.17"]
[Round "5"]
[White "Yildiz, Egehan"]
[Black "Sadubayev, Airat"]
[Result "1/2-1/2"]
[WhiteTitle "FM"]
[BlackTitle "FM"]
[WhiteElo "2198"]
[BlackElo "2211"]
[WhiteFideId "44518072"]
[BlackFideId "13713264"]
[EventDate "2025.06.17"]

1. d4 d5 2. c4 e6 3. Nf3 Nf6 4. Nc3 Be7 5. Bf4 O-O 6. e3 b6 7. cxd5 Nxd5 8. Nxd5
Qxd5 9. a3 Ba6 10. Bxa6 Nxa6 11. O-O c5 12. dxc5 Qxd1 13. Rfxd1 Nxc5 14. Ne5
Rfc8 15. Rac1 f6 16. Nf3 e5 17. Bg3 Nb3 18. Rxc8+ Rxc8 19. Ne1 Kf7 20. f3 Ke6
21. Bf2 Bc5 22. Nd3 Bd6 23. Ne1 h5 24. Kf1 a5 25. h3 a4 26. Ke2 b5 27. Bg3 b4
28. axb4 Bxb4 29. Nd3 Rc2+ 30. Kf1 Bd6 31. Be1 f5 32. e4 fxe4 33. fxe4 Rc4 34.
Nf2 Bc5 35. Nd3 Bb6 36. Bc3 Rxe4 37. Nb4 Bc5 38. Nc2 Rf4+ 39. Ke1 g5 40. Rd8 g4
41. Re8+ Kd7 42. Rxe5 gxh3 43. gxh3 h4 44. Rh5 Be7 45. Ne3 Re4 46. Kf2 Nd4 47.
Rd5+ Kc6 48. Rxd4 Re6 49. Rc4+ Kb5 50. Rg4 Bc5 51. Bd4 Be7 52. Kf3 a3 53. bxa3
Ra6 54. Re4 Bd8 55. Bb2 Kc6 56. Nc4 Kd5 57. Ne3+ Kc5 58. Nf5 Kb5 59. Kg4 Rc6 60.
Re5+ Ka4 61. Re4+ Kb3 62. Be5 Kxa3 63. Rd4 Bb6 64. Rd6 Rc4+ 65. Kh5 Bf2 66. Rd3+
Ka4 67. Rf3 Be1 68. Rf4 Kb5 69. Rxc4 Kxc4 70. Nxh4 Kd5 71. Bf6 Ke6 72. Bg5 Kf7
73. Nf5 Kg8 74. h4 Bxh4 75. Kxh4 Kf7 76. Kg4 Kg6 77. Kf4 Kf7 78. Ke5 Kg6 79. Bf4
Kh5 80. Ne3 Kh4 81. Kf5 Kh3 82. Kg5 1/2-1/2

[Event "Titled Tue 17th Jun Early"]
[Site "chess.com INT"]
[Date "2025.06.17"]
[Round "5"]
[White "Mikhailova, Irina"]
[Black "Miserendino, Alfredo"]
[Result "1/2-1/2"]
[WhiteTitle "WGM"]
[WhiteElo "2143"]
[BlackElo "2032"]
[WhiteFideId "4109040"]
[BlackFideId "101800"]
[EventDate "2025.06.17"]

1. d4 c5 2. Nf3 cxd4 3. Nxd4 Nf6 4. c4 d5 5. cxd5 Nxd5 6. e4 Nf6 7. Nc3 e5 8.
Ndb5 Qxd1+ 9. Kxd1 Na6 10. f3 Be6 11. Be3 Rd8+ 12. Kc1 Bc5 13. Bxc5 Nxc5 14.
Nxa7 O-O 15. Be2 Ra8 16. Ncb5 Bd7 17. Kd2 Rfd8 18. Ke3 Nh5 19. g3 Nf6 20. Rhd1
Ne8 21. Rd2 Be6 22. Rxd8 Rxd8 23. a3 Bb3 24. Rc1 Ne6 25. Rc3 Ba4 26. b3 Bxb5 27.
Nxb5 h6 28. b4 Nf6 29. Bc4 Ng5 30. Rd3 Ra8 31. Nd6 b6 32. h4 Ne6 33. Bxe6 fxe6
34. Rc3 Nd7 35. Nc4 b5 36. Na5 Nb6 37. Rc6 Nc4+ 38. Nxc4 bxc4 39. Rxc4 Rxa3+ 40.
Kf2 Rb3 41. Rc8+ Kf7 42. Rb8 Kf6 43. Kg2 g5 44. Rb6 gxh4 45. gxh4 h5 46. Kg3 Rb1
47. Rb8 Rb2 48. Rf8+ Kg7 49. Rb8 Kf7 50. b5 Kg7 51. Rb7+ Kg6 52. Rb6 Kf6 53. Rb8
Rb1 54. Kg2 Kg6 55. Rb6 Rb2+ 56. Kg3 Kf6 57. Rb8 Rb1 58. b6 Kg6 59. Kg2 Kg7 60.
Kg3 Rb2 61. Rb7+ Kg6 62. Rb8 Kg7 63. Rb7+ Kg6 64. Re7 Kf6 65. Rh7 Rxb6 66. Rxh5
Rb1 67. Rg5 Rg1+ 68. Kh3 Rxg5 69. hxg5+ Kxg5 70. Kg3 Kh5 71. Kh3 Kg5 72. Kg3 Kh5
73. f4 exf4+ 74. Kxf4 Kg6 75. Ke5 Kf7 76. Kd6 Kf6 77. Kd7 e5 78. Kd6 Kf7 79. Kd7
Kf6 80. Kd6 Kf7 81. Kxe5 Ke7 82. Kf5 Kf7 83. e5 Ke7 84. Kf4 Ke6 85. Ke4 Ke7 86.
Kd5 Kd7 87. e6+ Ke7 88. Ke5 Ke8 89. Kf6 Kf8 90. e7+ Ke8 91. Ke6 1/2-1/2